MARC

LEADER 00000nas a22000007a 4500
001 ssj0011958
003 WaSeSS
005 20200512172242.0
006 m d
007 cr n
008 100318c19259999caumr p s 0 a0eng
010 |a  2011201781 
022 |a 2163-3819  |l 0003-8520  |y 0003-8520 
035 |a (WaSeSS)ssj0011958 
040 |a OCLCE  |b eng  |c OCLCE  |d IL4I4  |d ADU  |d OCLCS  |d AZU  |d TXJ  |d OCLCQ  |d DLC  |d OCL  |d OCLCQ  |d COO  |d OCLCO  |d OCLCF  |d OCLCO  |d OCLCQ  |d DLC  |d WaSeSS 
042 |a dlr  |a nsdp  |a pcc 
050 4 |a NA730.C2  |b A7 
050 4 |a TX311  |b .A75M 
130 0 |a Architectural digest (Los Angeles, Calif. : 1925) 
222 0 |a Architectural digest  |b (Los Angeles, Calif. Online) 
245 1 0 |a Architectural digest  |h [electronic resource]. 
246 3 0 |a Architectural digest 100 
246 1 2 |a AD 100 
246 1 8 |a AD  |f <May 2004-> 
260 |a Los Angeles :  |b John C. Brasfield Pub. Corp. 
310 |a Monthly,  |b <Dec. 2002-May 2004> 
321 |a Frequency varies,  |b 1925-<Aug. 15, 1990> 
362 1 |a Print began with vol. 1, published in 1925. 
500 |a "The international magazine of fine interior design." 
500 |a Published by: Knapp Communications Corp., <Feb. 1983>-1984; by: Architectural Digest Pub. Corp., 1985- ; by: Conde Nast Publications Inc., <Sept. 1999-Dec. 2002> 
500 |a Some issues have distinctive titles. 
506 |a License restrictions may limit access. 
525 |a Supplements accompany some issues. 
538 |a Master and use copy. Digital master created according to Benchmark for Faithful Digital Reproductions of Monographs and Serials, Version 1. Digital Library Federation, December 2002.  |u http://purl.oclc.org/DLF/benchrepro0212  |5 MiAaHDL 
580 |a Other ed. in: Italian, Spanish, and French. 
583 1 |a digitized  |c 2010  |h HathiTrust Digital Library  |l committed to preserve  |2 pda  |5 MiAaHDL 
588 |a Description based on: Jan. 2005; title from cover image (Architectural Digest's website, viewed on Sept. 3, 2011). 
588 |a Latest issue consulted: Oct. 2011 (Architectural Digest's website, viewed on Sept. 3, 2011). 
650 0 |a Architecture  |v Periodicals. 
650 6 |a Décoration intérieure  |z Californie  |v Périodiques. 
650 6 |a Architecture  |z Californie  |y 20e siècle  |v Périodiques. 
650 7 |a Architecture.  |2 fast  |0 (OCoLC)fst00813346 
650 7 |a DECORACION DE INTERIORES  |x PUBLICACIONES PERIODICAS.  |2 renib 
653 |a EJA ARCHEJ 
655 0 |a Electronic journals. 
776 0 8 |i Print version:  |t Architectural digest (Los Angeles, Calif. : 1925)  |x 0003-8520  |w (DLC) 25010347  |w (OCoLC)1481856 
787 1 |t Architectural digest. The ... art and antiques annual 
856 4 0 |z Full text available from Research Library: 09/01/2008 to present  |u https://search.proquest.com/publication/31544